Online Catalogue and eLibrary

Ceylon and the cingalese (Record no. 3547)

MARC details
000 -LEADER
fixed length control field 00424nam a2200157Ia 4500
005 - DATE AND TIME OF LATEST TRANSACTION
control field 20250307010739.0
008 - FIXED-LENGTH DATA ELEMENTS--GENERAL INFORMATION
fixed length control field 240331s9999 xx 000 0 und d
082 ## - DDC Classification
Item Number - Author Mark SIR
Class No. 954
100 ## - MAIN ENTRY--PERSONAL NAME
Personal name Sirr, H.C
245 #0 - TITLE STATEMENT
Title Ceylon and the cingalese
260 ## - PUBLICATION, DISTRIBUTION, ETC.
Place of publication, distribution, etc. London
Name of publisher, distributor, etc. William Shoberl Publisher
Date of publication, distribution, etc. 1850
300 ## - PHYSICAL DESCRIPTION
Extent (e.g. Volumes, Pages etc.) XXIV, 274 p .,
500 ## - GENERAL NOTE
General note The ancient history of Lanka-diva and Kandian Kingdom
650 ## - SUBJECT ADDED ENTRY--TOPICAL TERM
Topical term or geographic name entry element
942 ## - Koha item type (Biblio)
Koha item type Books in Stacks (Lending)
Holdings
Lost status Damaged status Collection code Home library Current library Shelving location Date acquired Full call number Accession Number Item type
    Lending WERC Library WERC Library Social Science Cupboard 03/31/2024 954.93 SIR 15 Books in Stacks (Lending)

© WERC Library